00514nam a22001697a 450000500170000001000130001702000260003003500120005603700130006808200080008110000300008924500510011924600360017026000530020627000590025930000260031820230814101515.0 aUR-12116 a9788196045012c350.00 aU-10671 bDBAD/PUB a921 aالیاس الاعظمی aبیان شبلی /cالیاس الاعظمی aBayan-E-Shibli /bby Ilyas Azmi aNew DelhibEducational Publishing Housec2023 ء aH.O. D1/16, Ansari Road, Darya GanjbNew Delhie110002 a224 صc23cm(Hb)